Normal view
MARC view
- Wajahat Khan
Entry Personal Name
001 - CONTROL NUMBER
- control field: 48272
003 - CONTROL NUMBER IDENTIFIER
- control field: NUST
005 - DATE AND TIME OF LATEST TRANSACTION
- control field: 20210314134021.0
008 - FIXED-LENGTH DATA ELEMENTS
- fixed length control field: 210314|| aca||aabn | a|a d
040 ## - CATALOGING SOURCE
- Original cataloging agency: NUST
- Transcribing agency: NUST
100 ## - HEADING--PERSONAL NAME
- Personal name: Wajahat Khan
670 ## - SOURCE DATA FOUND
- Source citation: Work cat.: (NUST): Wajahat Khan, Analysis of processes involved in construction of housing scheme taking army housing scheme as a case study, 2014
